000
00251nam a2200097Ia 4500
008
220204s9999 xx 000 0 und d
082
_a
93(100)
_b
MER
245
0
_a
Merriam-Webster book of world histories
260
_a
New York
_b
Pocket
_c
1976
942
_c
BK
999
_c
32202
_d
32202